书目信息 |
| 题名: |
风景摄影高级教程
|
|
| 作者: | 菲尔德 著 ;易秋 , 考兴 译 | |
| 分册: | ||
| 出版信息: | 杭州 浙江摄影出版社 1999.03 |
|
| 页数: | 192页 | |
| 开本: | 12开 | |
| 丛书名: | ||
| 单 册: | ||
| 中图分类: | J414 | |
| 科图分类: | ||
| 主题词: | 风光摄影--摄影艺术 , 摄影艺术--各种 | |
| 电子资源: | ||
| ISBN: | 7-80536-626-8 | |
| 000 | 00730nam0 2200229 45 | |
| 001 | 0211121621 | |
| 005 | 20031229173005.9 | |
| 010 | @a7-80536-626-8@dCNY180.00 | |
| 100 | @a20021112d1999 km y0chiy0120 ea | |
| 101 | 0 | @achi@ceng |
| 105 | @af z 000yy | |
| 200 | 1 | @a风景摄影高级教程@AFeng Jing She Ying Gao Ji Jiao Cheng@f(美)约翰·菲尔德(Fielder,J.)著@F(Mei)Yue Han·Fei Er De(Fielder,J.)Zhu@g易秋,考兴译 |
| 210 | @a杭州@c浙江摄影出版社@d1999.03 | |
| 215 | @a192页@d12开 | |
| 606 | 0 | @a风光摄影@x摄影艺术 |
| 606 | 0 | @a摄影艺术@x各种 |
| 690 | @aJ414@v4 | |
| 701 | 0 | @a菲尔德@bFielder,J.@4著 |
| 702 | 0 | @a易秋@AYi Qiu@4译 |
| 702 | 0 | @a考兴@AKao Xing@4译 |
| 801 | @aCN@bTSTC@c20021112 | |
| 905 | @b317422-429@dJ414@e134@f8 | |
| 风景摄影高级教程/(美)约翰·菲尔德(Fielder,J.)著/易秋,考兴译.-杭州:浙江摄影出版社,1999.03 |
| 192页;12开 |
| ISBN 7-80536-626-8:CNY180.00 |
| ● |
| 相关链接 |
|
|
|
|
正题名:风景摄影高级教程
索取号:J414/134
 
预约/预借
| 序号 | 登录号 | 条形码 | 馆藏地/架位号 | 状态 | 备注 |
| 1 | 0317422 | 203174224 | 第一借阅区/ [索取号:J414/134] | 在馆 | |
| 2 | 0317423 | 203174233 | 第一借阅区/ [索取号:J414/134] | 在馆 | |
| 3 | 0317424 | 203174242 | 第一借阅区/ [索取号:J414/134] |
已借出,限还日期为2015.10.20 借出人:李远航 |
|
| 4 | 0317425 | 203174251 | 第一借阅区/ [索取号:J414/134] | 在馆 | |
| 5 | 0317426 | 203174260 | 第一借阅区/ [索取号:J414/134] | 在馆 | |
| 6 | 0317427 | 203174279 | 第一借阅区/ [索取号:J414/134] | 在馆 | |
| 7 | 0317428 | 203174288 | 第一借阅区/ [索取号:J414/134] | 在馆 | |
| 8 | 0317429 | 203174297 | 第一样本阅览室/ [索取号:J414/134] | 在馆 |